Illustrated Textbook of Paediatrics / (Record no. 16461)
[ view plain ]
| 000 -LEADER | |
|---|---|
| fixed length control field | 01305cam a22003014a 4500 |
| 001 - CONTROL NUMBER | |
| control field | 16558497 |
| 005 - DATE AND TIME OF LATEST TRANSACTION | |
| control field | 20111209112934.0 |
| 008 - FIXED-LENGTH DATA ELEMENTS--GENERAL INFORMATION | |
| fixed length control field | 101129s2012 stka b 001 0 eng |
| 020 ## - INTERNATIONAL STANDARD BOOK NUMBER | |
| International Standard Book Number | 9780723435655 |
| 020 ## - INTERNATIONAL STANDARD BOOK NUMBER | |
| International Standard Book Number | 9780723435662 (International) |
| 035 ## - SYSTEM CONTROL NUMBER | |
| System control number | (DNLM)101548553 |
| 040 ## - CATALOGING SOURCE | |
| Original cataloging agency | DNLM/DLC |
| Transcribing agency | DLC |
| Modifying agency | DLC |
| 082 00 - DEWEY DECIMAL CLASSIFICATION NUMBER | |
| Classification number | 618.92 |
| Edition number | 22 |
| Item number | ILL |
| 245 00 - TITLE STATEMENT | |
| Title | Illustrated Textbook of Paediatrics / |
| Statement of responsibility, etc | edited by Tom Lissauer, Graham Clayden ; foreword by Alan Craft. |
| 250 ## - EDITION STATEMENT | |
| Edition statement | 4th ed. |
| 260 ## - PUBLICATION, DISTRIBUTION, ETC. (IMPRINT) | |
| Place of publication, distribution, etc | Edinburgh : |
| Name of publisher, distributor, etc | Mosby, |
| Date of publication, distribution, etc | c2012. |
| 300 ## - PHYSICAL DESCRIPTION | |
| Extent | xiv, 533 p. : |
| Other physical details | col. ill. ; |
| Dimensions | 27 cm. |
| 504 ## - BIBLIOGRAPHY, ETC. NOTE | |
| Bibliography, etc | Includes bibliographical references and index. |
| 650 #0 - SUBJECT ADDED ENTRY--TOPICAL TERM | |
| Topical term or geographic name as entry element | Pediatrics. |
| 9 (RLIN) | 28902 |
| 650 12 - SUBJECT ADDED ENTRY--TOPICAL TERM | |
| Topical term or geographic name as entry element | Pediatrics. |
| 9 (RLIN) | 28903 |
| 653 ## - INDEX TERM--UNCONTROLLED | |
| Resource For college | |
| Arrived date list | February2012 |
| 700 1# - ADDED ENTRY--PERSONAL NAME | |
| Personal name | Lissauer, Tom. |
| 9 (RLIN) | 28904 |
| 700 1# - ADDED ENTRY--PERSONAL NAME | |
| Personal name | Clayden, Graham. |
| 9 (RLIN) | 28905 |
| 942 ## - ADDED ENTRY ELEMENTS (KOHA) | |
| Source of classification or shelving scheme | Dewey Decimal Classification |
| Item type | |
| Withdrawn status | Item status | Source of classification or shelving scheme | Damaged status | Not for loan | Vendor | Home library | Current library | Shelving location | Date acquired | Source of acquisition | Cost, normal purchase price | Serial Enumeration / chronology | Total Checkouts | Full call number | Barcode | Date last seen | Date last borrowed | Koha item type | Total Renewals |
|---|---|---|---|---|---|---|---|---|---|---|---|---|---|---|---|---|---|---|---|
| Dewey Decimal Classification | Alahram | Central Library | Central Library | First floor | 14/02/2012 | 161.00 | 680 | 8 | 618.92 ILL | 000026112 | 26/11/2025 | 23/04/2012 | NB - Book (Non borrowing) | ||||||
| Dewey Decimal Classification | Alahram | Central Library | Central Library | First floor | 14/02/2012 | 161.00 | 680 | 18 | 618.92 ILL | 000026113 | 13/11/2025 | 18/10/2025 | Book - Borrowing | 78 |